Conjectures ou lois générales (notice n° 1588635)
[ vue normale ]
| 000 -LEADER | |
|---|---|
| fixed length control field | 02316cam a2200265 4500500 |
| 005 - DATE AND TIME OF LATEST TRANSACTION | |
| control field | 20251228062436.0 |
| 041 ## - LANGUAGE CODE | |
| Language code of text/sound track or separate title | fre |
| 042 ## - AUTHENTICATION CODE | |
| Authentication code | dc |
| 100 10 - MAIN ENTRY--PERSONAL NAME | |
| Personal name | Ehrhard, Thomas |
| Relator term | author |
| 245 00 - TITLE STATEMENT | |
| Title | Conjectures ou lois générales |
| 260 ## - PUBLICATION, DISTRIBUTION, ETC. | |
| Date of publication, distribution, etc. | 2022.<br/> |
| 500 ## - GENERAL NOTE | |
| General note | 76 |
| 520 ## - SUMMARY, ETC. | |
| Summary, etc. | RésuméCet article propose une nouvelle perspective d’étude de la carte électorale, fondée sur la computational social science, pour analyser les critères qui encadrent la réalisation du découpage électoral en France. La délimitation des circonscriptions législatives est complexe en raison de sa dimension technique et des critères juridiques, démographiques et géographiques à respecter. À partir des données démographiques et géographiques des territoires et de la mesure de l’ensemble des découpages admissibles, nous évaluons les contraintes formées par les critères sur les potentialités empiriques de la carte électorale et, plus largement, nous montrons l’intérêt d’avoir recours aux découpages assistés par ordinateur. |
| 520 ## - SUMMARY, ETC. | |
| Summary, etc. | This article proposes a new perspective for understanding electoral maps, using computational social science to study the criteria which shape how electoral districts are drawn up in France. Defining the boundaries of legislative constituencies is a complex task, given its technical dimension and the various demographic, geographic, and legal criteria that must be respected. Looking at demographic and geographic territorial data and the whole of the admissible redistrictings, we evaluate the criteria-based constraints on the empirical possibilities of the electoral map and, more broadly, we highlight the value of using computer for the map making of the electoral constituencies redistricting. |
| 700 10 - ADDED ENTRY--PERSONAL NAME | |
| Personal name | Attias, Solal |
| Relator term | author |
| 700 10 - ADDED ENTRY--PERSONAL NAME | |
| Personal name | Bampis, Evripidis |
| Relator term | author |
| 700 10 - ADDED ENTRY--PERSONAL NAME | |
| Personal name | Cohen-Addad, Vincent |
| Relator term | author |
| 700 10 - ADDED ENTRY--PERSONAL NAME | |
| Personal name | Escoffier, Bruno |
| Relator term | author |
| 700 10 - ADDED ENTRY--PERSONAL NAME | |
| Personal name | Mathieu, Claire |
| Relator term | author |
| 700 10 - ADDED ENTRY--PERSONAL NAME | |
| Personal name | Pascual, Fanny |
| Relator term | author |
| 700 10 - ADDED ENTRY--PERSONAL NAME | |
| Personal name | Pass-Lanneau, Adèle |
| Relator term | author |
| 700 10 - ADDED ENTRY--PERSONAL NAME | |
| Personal name | Saulpic, David |
| Relator term | author |
| 786 0# - DATA SOURCE ENTRY | |
| Note | Revue française de science politique | 72 | 3 | 2022-12-19 | p. 365e-380e | 0035-2950 |
| 856 41 - ELECTRONIC LOCATION AND ACCESS | |
| Uniform Resource Identifier | <a href="https://shs.cairn.info/revue-francaise-de-science-politique-2022-3-page-365e?lang=fr&redirect-ssocas=7080">https://shs.cairn.info/revue-francaise-de-science-politique-2022-3-page-365e?lang=fr&redirect-ssocas=7080</a> |
Pas d'exemplaire disponible.




Réseaux sociaux